Lana Del Rey - This Is What Makes Us Girls Lyrics - Statistics

General Stats
  • This quiz has been taken 152 times
  • The average score is 339 of 433
Answer Stats
Answer % Correct
us
100%
a
99%
A
99%
I
99%
we
99%
We
99%
is
97%
This
97%
for
96%
girls
96%
make
96%
makes
96%
what
96%
the
92%
The
92%
all
90%
to
90%
Don't
89%
don't
89%
on
88%
and
87%
And
87%
it
87%
love
87%
how
86%
in
86%
of
86%
go
85%
look
85%
where
85%
about
84%
were
84%
we're
84%
cry
82%
first
82%
"Hi
82%
hi"
82%
night?
82%
night
82%
put
82%
that
82%
'cause
80%
heaven
80%
it's
80%
It's
80%
she
80%
used
80%
when
80%
you
80%
had
79%
her
79%
never
79%
Remember
79%
they
79%
They
79%
those
79%
up
79%
was
79%
Drinkin'
78%
drinkin'
78%
ever
78%
with
78%
With
78%
friend
77%
guys
77%
guys"
77%
hate
77%
out
77%
down
76%
eyes
76%
party
76%
know
75%
life
75%
real
75%
gonna
74%
got
74%
Something
74%
something?
74%
together
74%
die
73%
happen
73%
(Happen
73%
happen)
73%
our
73%
runnin'
73%
sixteen
73%
Sweet
73%
There
73%
curse
71%
we'd
71%
back
70%
Bambi
70%
best
70%
comin'
70%
"Get
70%
get
70%
"Lana
70%
little
70%
stick
70%
too
70%
alive
69%
friends
69%
I'm
69%
much
69%
my
69%
only
69%
arrived
68%
at
68%
lookin'
68%
mascara
68%
as
67%
bad
67%
new
67%
said
67%
taste
67%
away
66%
boss
66%
from
66%
fun
66%
into
66%
that's
66%
whistle
66%
High
65%
hot
65%
hot"
65%
sent
65%
trouble
65%
beauty
64%
Cryin'
64%
dancin'
64%
skippin'
64%
Blue
63%
cops
63%
job
63%
school
63%
Sneakin'
63%
streets
63%
train
63%
beginning
62%
begun
62%
bikini
62%
cherry
62%
end
62%
Everybody
62%
him
62%
Screamin'
62%
starts
62%
Teachers
62%
tops
62%
hand
60%
local
60%
stuff
60%
while
60%
knew
59%
queens
59%
Ribbon
59%
heels
58%
platform
58%
seen
58%
table
58%
hair
57%
senior
57%
dive
56%
generation
56%
mean
56%
Running
56%
black
55%
freshmen
55%
take
55%
velvet
55%
Walkin'
55%
break
54%
prettiest
54%
wind
54%
degenerate
53%
shot)
53%
wavin'
53%
cars
52%
ice)
51%
Baby's
49%
hotel
49%
Oh
49%
town
49%
Stealin'
48%
pink
47%
Ribbons
47%
gleamed
46%
small
46%
swayin'
46%
spotlight
45%
police
44%
schnapps
44%
crowd
43%
swim
43%
firelight
41%
names
41%
Cheerin'
37%
Yeah
37%
Glimmering
29%
(Pabst
29%
(C'mon
24%
No matching quizzes found
Score Distribution
Percent of People with Each Score
Percentile by Number Answered
Your Score History
You have not taken this quiz